[Event "SWE-ch"]
[Site "Stockholm"]
[Date "2017.07.11"]
[Round "5"]
[White "Westerberg, Jonathan"]
[Black "Jogstad, Martin"]
[Result "1-0"]
[WhiteElo "2469"]
[BlackElo "2291"]
[PlyCount "95"]
[EventDate "2017.07.07"]
[EventType "tourn"]
[EventRounds "9"]
[EventCountry "SWE"]
[EventCategory "10"]
[SourceTitle "CBM 179 Extra"]
[Source "ChessBase"]
[SourceDate "2017.08.23"]
[SourceVersion "1"]
[SourceVersionDate "2017.08.23"]
[SourceQuality "1"]
1. d4 d5 2. c4 c6 3. cxd5 cxd5 4. Bg5 Nf6 5. Bxf6 gxf6 6. Nc3 Nc6 7. e3 e6 8.
Bd3 Bd6 9. Nf3 f5 10. O-O Rg8 11. g3 Bd7 12. Rc1 Rc8 13. a3 Kf8 14. Na4 Nxd4
15. exd4 Rxc1 16. Qxc1 Bxa4 17. Qh6+ Rg7 18. Re1 Kg8 19. h4 Be7 20. Rc1 Kh8 21.
Kg2 Rg6 22. Qe3 Bd6 23. h5 Rg8 24. Ne5 Be8 25. Rh1 Qf6 26. Qf4 Bxe5 27. dxe5
Qg5 28. Qxg5 Rxg5 29. b4 f4 30. Rc1 d4 31. b5 Kg7 32. Rc8 Bxb5 33. Bxb5 Rxe5
34. Bd3 fxg3 35. Kxg3 Rxh5 36. Rc4 Ra5 37. a4 e5 38. Kf3 Kf6 39. Bxh7 b5 40.
axb5 Rxb5 41. Rc6+ Kg5 42. Rc7 f5 43. Rg7+ Kh6 44. Rxa7 e4+ 45. Kf4 Rb2 46. f3
Rf2 47. Bxf5 Rxf3+ 48. Kg4 1-0

[Event "SWE-ch"]
[Site "Stockholm"]
[Date "2017.07.11"]
[Round "5"]
[White "Hillarp Persson, Tiger"]
[Black "Blomqvist, Erik"]
[Result "1/2-1/2"]
[WhiteElo "2509"]
[BlackElo "2552"]
[PlyCount "70"]
[EventDate "2017.07.07"]
[EventType "tourn"]
[EventRounds "9"]
[EventCountry "SWE"]
[EventCategory "10"]
[SourceTitle "CBM 179 Extra"]
[Source "ChessBase"]
[SourceDate "2017.08.23"]
[SourceVersion "1"]
[SourceVersionDate "2017.08.23"]
[SourceQuality "1"]
1. d4 d5 2. c4 e6 3. Nc3 Nf6 4. cxd5 exd5 5. Bg5 c6 6. Qc2 Be7 7. e3 Nbd7 8.
Bd3 Nh5 9. Bxe7 Qxe7 10. O-O-O Nb6 11. Kb1 g6 12. Nge2 Ng7 13. Rhe1 Bf5 14.
Bxf5 Nxf5 15. Ng3 Nxg3 16. hxg3 O-O-O 17. e4 dxe4 18. Rxe4 Qc7 19. d5 cxd5 20.
Re7 Rd7 21. Rxd7 Kxd7 22. Qe4 Re8 23. Qf3 Re7 24. a4 a5 25. Qg4+ f5 26. Qd4 Qd6
27. Nb5 Qe6 28. f3 Qe3 29. Qf6 Qc5 30. b3 Re3 31. Rc1 Nc4 32. Qg7+ Re7 33. Qc3
Re3 34. Qg7+ Re7 35. Qc3 Re3 1/2-1/2

[Event "SWE-ch"]
[Site "Stockholm"]
[Date "2017.07.11"]
[Round "5"]
[White "Tikkanen, Hans"]
[Black "Berg, Emanuel"]
[Result "1/2-1/2"]
[WhiteElo "2503"]
[BlackElo "2557"]
[PlyCount "116"]
[EventDate "2017.07.07"]
[EventType "tourn"]
[EventRounds "9"]
[EventCountry "SWE"]
[EventCategory "10"]
[SourceTitle "CBM 179 Extra"]
[Source "ChessBase"]
[SourceDate "2017.08.23"]
[SourceVersion "1"]
[SourceVersionDate "2017.08.23"]
[SourceQuality "1"]
1. d4 Nf6 2. c4 g6 3. Nc3 Bg7 4. e4 d6 5. Nf3 O-O 6. Be2 e5 7. O-O Nc6 8. d5
Ne7 9. Ne1 Nd7 10. Nd3 f5 11. f4 a6 12. fxe5 Nxe5 13. Nxe5 Bxe5 14. Bg5 Qe8 15.
Qd2 Kh8 16. Bh6 Rf7 17. Bf4 Bg7 18. Rae1 Qf8 19. c5 Ng8 20. cxd6 cxd6 21. exf5
Bxf5 22. g4 g5 23. Bxg5 Bg6 24. Bd3 Qc8 25. Bxg6 Qxg4+ 26. Qg2 Rxf1+ 27. Rxf1
Qxg2+ 28. Kxg2 hxg6 29. Rf7 b5 30. Ne4 Re8 31. Kf3 Re5 32. Rf4 Nh6 33. Rh4 Kh7
34. Bf4 Rf5 35. Kg3 Rh5 36. Rxh5 gxh5 37. Nxd6 Bxb2 38. Bxh6 Kxh6 39. Kf4 Kg6
40. Ne4 Kf7 41. Kg5 Ke7 42. Kxh5 a5 43. Kg6 a4 44. Kf5 Bd4 45. h4 b4 46. Nd2
Bc3 47. Nb1 Be1 48. h5 a3 49. Ke4 b3 50. Nxa3 bxa2 51. Nc2 Bc3 52. Kd3 Bg7 53.
Kc4 Kd6 54. Kb3 a1=N+ 55. Nxa1 Bxa1 56. h6 Kxd5 57. h7 Ke4 58. h8=Q Bxh8
1/2-1/2

[Event "SWE-ch"]
[Site "Stockholm"]
[Date "2017.07.11"]
[Round "5"]
[White "Grandelius, Nils"]
[Black "Smith, Axel"]
[Result "1-0"]
[WhiteElo "2642"]
[BlackElo "2505"]
[PlyCount "93"]
[EventDate "2017.07.07"]
[EventType "tourn"]
[EventRounds "9"]
[EventCountry "SWE"]
[EventCategory "10"]
[SourceTitle "CBM 179 Extra"]
[Source "ChessBase"]
[SourceDate "2017.08.23"]
[SourceVersion "1"]
[SourceVersionDate "2017.08.23"]
[SourceQuality "1"]
1. c4 c5 2. Nf3 Nf6 3. d4 cxd4 4. Nxd4 Nc6 5. Nc3 g6 6. e4 Bg7 7. Be3 O-O 8.
Be2 d6 9. O-O Re8 10. h3 Bd7 11. Nf3 Rc8 12. Rc1 b6 13. Qd2 Nb8 14. Bh6 Bh8 15.
Qe3 Bc6 16. Ng5 Nbd7 17. f4 Qc7 18. Kh1 Bg7 19. Bxg7 Kxg7 20. Bd3 Bb7 21. Rce1
h6 22. Nxf7 Kxf7 23. e5 dxe5 24. fxe5 Nxe5 25. Qxe5 Qxe5 26. Rxe5 Rcd8 27. Re3
Rd6 28. Rfe1 Bc6 29. b4 e5 30. c5 bxc5 31. bxc5 Rd4 32. Bb5 Re6 33. Bxc6 Rxc6
34. Rxe5 Rc4 35. Nb5 R4xc5 36. Re7+ Kf8 37. Nxa7 Ra6 38. Rb7 Rxa2 39. Nb5 Rd2
40. Nc7 Kg8 41. Re7 Kh8 42. Ne6 Rc8 43. Nf4 Rg8 44. Rf7 Rd6 45. Rbe7 g5 46. Nh5
Nxh5 47. Rh7# 1-0

[Event "SWE-ch"]
[Site "Stockholm"]
[Date "2017.07.10"]
[Round "4"]
[White "Sagit, Rauan"]
[Black "Hillarp Persson, Tiger"]
[Result "1/2-1/2"]
[WhiteElo "2406"]
[BlackElo "2509"]
[PlyCount "84"]
[EventDate "2017.07.07"]
[EventType "tourn"]
[EventRounds "9"]
[EventCountry "SWE"]
[EventCategory "10"]
[SourceTitle "CBM 179 Extra"]
[Source "ChessBase"]
[SourceDate "2017.08.23"]
[SourceVersion "1"]
[SourceVersionDate "2017.08.23"]
[SourceQuality "1"]
1. Nf3 d5 2. g3 c6 3. Bg2 Bg4 4. d3 Nd7 5. O-O Ngf6 6. Qe1 e5 7. e4 dxe4 8.
dxe4 Be7 9. b3 Qc7 10. Bb2 O-O 11. Nbd2 a5 12. a4 Rfe8 13. Nc4 Bf8 14. Bc3 b6
15. h3 Bh5 16. Nh4 Nc5 17. Qe3 Nfd7 18. g4 Bg6 19. Rfd1 b5 20. axb5 cxb5 21.
Bxa5 Qc6 22. Nxg6 hxg6 23. Nb2 Ne6 24. c3 Ndc5 25. b4 Nb3 26. Ra3 Nxa5 27. Rxa5
Rxa5 28. bxa5 Ra8 29. Ra1 Bc5 30. Qe1 Nf4 31. Bf1 Rd8 32. Rd1 Rxd1 33. Qxd1 Qc7
34. Nd3 Nxd3 35. Qxd3 Qxa5 36. Qxb5 Qxc3 37. Qe8+ Bf8 38. Kg2 Qd4 39. Qa8 g5
40. Bb5 g6 41. Qd5 Bc5 42. Qxd4 Bxd4 1/2-1/2

[Event "SWE-ch"]
[Site "Stockholm"]
[Date "2017.07.10"]
[Round "4"]
[White "Berg, Emanuel"]
[Black "Hector, Jonny"]
[Result "1/2-1/2"]
[WhiteElo "2557"]
[BlackElo "2497"]
[PlyCount "93"]
[EventDate "2017.07.07"]
[EventType "tourn"]
[EventRounds "9"]
[EventCountry "SWE"]
[EventCategory "10"]
[SourceTitle "CBM 179 Extra"]
[Source "ChessBase"]
[SourceDate "2017.08.23"]
[SourceVersion "1"]
[SourceVersionDate "2017.08.23"]
[SourceQuality "1"]
1. d4 d5 2. Nf3 Nf6 3. c4 c6 4. Nc3 e6 5. e3 Nbd7 6. Qc2 Bd6 7. Bd3 O-O 8. O-O
e5 9. cxd5 cxd5 10. e4 exd4 11. Nxd5 Nxd5 12. exd5 h6 13. Qc4 Ne5 14. Nxe5 Bxe5
15. Bd2 b5 16. Qxb5 Rb8 17. Qc5 Rxb2 18. Bb4 Re8 19. Rae1 Bb7 20. Bb5 Rxb4 21.
Qxb4 Qxd5 22. f3 Rc8 23. Bd3 Bd6 24. Qa4 Bc6 25. Qa6 Bb7 26. Qa4 Bc6 27. Qa6
Bb7 28. Qxa7 g6 29. Rf2 Bc5 30. Qa4 Bc6 31. Qb3 Qd6 32. Rc2 Ra8 33. Qc4 Bb4 34.
Rb1 Bc3 35. Rb6 Rc8 36. Be4 d3 37. Rxc3 d2 38. Bc2 d1=Q+ 39. Bxd1 Qxd1+ 40. Kf2
Qd2+ 41. Kf1 Bb5 42. Qxb5 Rxc3 43. Qe8+ Kg7 44. Re6 fxe6 45. Qe7+ Kg8 46. Qe8+
Kg7 47. Qe7+ 1/2-1/2

[Event "SWE-ch"]
[Site "Stockholm"]
[Date "2017.07.10"]
[Round "4"]
[White "Smith, Axel"]
[Black "Tikkanen, Hans"]
[Result "1/2-1/2"]
[WhiteElo "2505"]
[BlackElo "2503"]
[PlyCount "161"]
[EventDate "2017.07.07"]
[EventType "tourn"]
[EventRounds "9"]
[EventCountry "SWE"]
[EventCategory "10"]
[SourceTitle "CBM 179 Extra"]
[Source "ChessBase"]
[SourceDate "2017.08.23"]
[SourceVersion "1"]
[SourceVersionDate "2017.08.23"]
[SourceQuality "1"]
1. d4 d6 2. Nf3 g6 3. c4 Bg7 4. Nc3 Bg4 5. e3 Nf6 6. Be2 O-O 7. h3 Bxf3 8. Bxf3
c6 9. e4 Nbd7 10. Be3 e5 11. d5 Nb6 12. b3 cxd5 13. cxd5 Nfd7 14. a4 f5 15. a5
Nc8 16. O-O a6 17. b4 Nf6 18. Bg5 h6 19. Bxf6 Bxf6 20. Qd3 Qd7 21. Rfb1 Na7 22.
Rb3 Bd8 23. Ra2 Rf7 24. Ra1 Rh7 25. Ra2 h5 26. b5 Nxb5 27. Nxb5 axb5 28. Qxb5
f4 29. Be2 Qxb5 30. Rxb5 Rc7 31. Kh2 Kf7 32. g4 h4 33. Kg2 g5 34. Rbb2 Ke7 35.
a6 bxa6 36. Rxa6 Rxa6 37. Bxa6 Rc3 38. Be2 Ba5 39. Rb7+ Kf6 40. Ra7 Bb6 41. Ra2
Ke7 42. Rd2 Kd8 43. Rd3 Rc2 44. Kf3 Kc7 45. Rb3 Bd4 46. Ra3 Rb2 47. Rd3 Bc5 48.
Rd1 Kb6 49. Ra1 Rb3+ 50. Kg2 Ba3 51. Ra2 Ka5 52. Rd2 Bc5 53. Rc2 Kb4 54. Rc4+
Ka5 55. Rc2 Kb4 56. Rc4+ Ka3 57. Rc2 Rb1 58. Rd2 Kb3 59. Bf3 Ra1 60. Rd1 Ra2
61. Rf1 Rd2 62. Rb1+ Kc2 63. Rf1 Kd3 64. Kg1 Bd4 65. Kg2 Bc3 66. Kg1 Rb2 67.
Rd1+ Bd2 68. Kg2 Rb3 69. Rf1 Rb4 70. Rd1 Rc4 71. Kf1 Ra4 72. Kg2 Ra3 73. Rf1
Kc2 74. Bd1+ Kb2 75. Bf3 Bc1 76. Rd1 Kc2 77. Rf1 Rd3 78. Re1 Rd4 79. Rf1 Bd2
80. Rd1 Bc3 81. Rf1 1/2-1/2

[Event "SWE-ch"]
[Site "Stockholm"]
[Date "2017.07.10"]
[Round "4"]
[White "Blomqvist, Erik"]
[Black "Westerberg, Jonathan"]
[Result "1/2-1/2"]
[WhiteElo "2552"]
[BlackElo "2469"]
[PlyCount "80"]
[EventDate "2017.07.07"]
[EventType "tourn"]
[EventRounds "9"]
[EventCountry "SWE"]
[EventCategory "10"]
[SourceTitle "CBM 179 Extra"]
[Source "ChessBase"]
[SourceDate "2017.08.23"]
[SourceVersion "1"]
[SourceVersionDate "2017.08.23"]
[SourceQuality "1"]
1. Nf3 Nf6 2. g3 b6 3. Bg2 Bb7 4. c4 e6 5. O-O Be7 6. Nc3 O-O 7. Re1 d5 8. cxd5
Nxd5 9. e4 Nxc3 10. bxc3 c5 11. d4 Nd7 12. Rb1 Nf6 13. Ne5 Rc8 14. Bf4 cxd4 15.
cxd4 Nd7 16. Qa4 Nxe5 17. Bxe5 a6 18. d5 b5 19. Qd1 exd5 20. exd5 Bf6 21. Bxf6
Qxf6 22. a4 Rc5 23. axb5 axb5 24. d6 Bxg2 25. Kxg2 Rc6 26. d7 Rd6 27. Qf3 Qxf3+
28. Kxf3 Rxd7 29. Rxb5 g6 30. h4 h5 31. Rbe5 Kg7 32. Re8 Rd1 33. Rxd1 Rxe8 34.
Rd7 Kf6 35. Ra7 Rb8 36. Ra6+ Kg7 37. Ra7 Rb3+ 38. Kg2 Rc3 39. Ra6 Rb3 40. Ra7
Rc3 1/2-1/2

[Event "SWE-ch"]
[Site "Stockholm"]
[Date "2017.07.10"]
[Round "4"]
[White "Jogstad, Martin"]
[Black "Grandelius, Nils"]
[Result "0-1"]
[WhiteElo "2291"]
[BlackElo "2642"]
[PlyCount "90"]
[EventDate "2017.07.07"]
[EventType "tourn"]
[EventRounds "9"]
[EventCountry "SWE"]
[EventCategory "10"]
[SourceTitle "CBM 179 Extra"]
[Source "ChessBase"]
[SourceDate "2017.08.23"]
[SourceVersion "1"]
[SourceVersionDate "2017.08.23"]
[SourceQuality "1"]
1. d4 d5 2. c4 e6 3. Nf3 a6 4. e3 Nf6 5. Nc3 dxc4 6. Bxc4 b5 7. Be2 Bb7 8. O-O
Nbd7 9. b3 Bd6 10. Bb2 O-O 11. Nd2 c5 12. Bf3 cxd4 13. exd4 Qb8 14. h3 Bb4 15.
Nde4 Rd8 16. Qe2 Bxc3 17. Nxc3 Bxf3 18. Qxf3 Nb6 19. Rac1 Qd6 20. Ne2 Rac8 21.
Rxc8 Rxc8 22. Rc1 Nfd5 23. Rxc8+ Nxc8 24. Nc1 Qc6 25. g3 Nd6 26. Qd3 h5 27. h4
Nf5 28. Qd1 g6 29. Nd3 Nc3 30. d5 Nxd5 31. Nb4 Qd6 32. Nc2 f6 33. Ba3 Qe5 34.
Nb4 Nd4 35. Nc2 Ne2+ 36. Kh2 Nec3 37. Qd3 Qf5 38. Qxf5 exf5 39. Nb4 Nxb4 40.
Bxb4 Nxa2 41. Bd2 b4 42. Kg1 a5 43. Kf1 a4 44. Ke2 axb3 45. Kd3 Kf7 0-1

[Event "SWE-ch"]
[Site "Stockholm"]
[Date "2017.07.09"]
[Round "3"]
[White "Grandelius, Nils"]
[Black "Blomqvist, Erik"]
[Result "1/2-1/2"]
[WhiteElo "2642"]
[BlackElo "2552"]
[PlyCount "90"]
[EventDate "2017.07.07"]
[EventType "tourn"]
[EventRounds "9"]
[EventCountry "SWE"]
[EventCategory "10"]
[SourceTitle "CBM 179 Extra"]
[Source "ChessBase"]
[SourceDate "2017.08.23"]
[SourceVersion "1"]
[SourceVersionDate "2017.08.23"]
[SourceQuality "1"]
1. c4 c6 2. Nf3 d5 3. d4 Nf6 4. Nbd2 Bf5 5. Nh4 Be4 6. Qb3 Qc7 7. Nxe4 Nxe4 8.
Nf3 e6 9. a3 Nd7 10. e3 Be7 11. Bd3 O-O 12. Qc2 f5 13. b4 a6 14. Bb2 Bd6 15. c5
Be7 16. Ne5 Nxe5 17. dxe5 b6 18. cxb6 Qxb6 19. O-O c5 20. bxc5 Bxc5 21. Rab1
Qa7 22. Kh1 Rfc8 23. Qe2 Rc6 24. g4 fxg4 25. Bxe4 dxe4 26. Qxg4 Rb8 27. Qxe4
Rcb6 28. Bc3 Rxb1 29. Rxb1 Rxb1+ 30. Qxb1 Qa8+ 31. Kg1 Qf3 32. Qb3 Kf7 33. a4
Qg4+ 34. Kf1 Be7 35. a5 h5 36. Qc2 Qc4+ 37. Ke1 h4 38. Qd2 Qc6 39. Qd4 Qh1+ 40.
Ke2 Qxh2 41. Qg4 Qh1 42. Qh5+ Kf8 43. Qh8+ Kf7 44. Qh5+ Kf8 45. Qh8+ Kf7
1/2-1/2

[Event "SWE-ch"]
[Site "Stockholm"]
[Date "2017.07.09"]
[Round "3"]
[White "Hector, Jonny"]
[Black "Smith, Axel"]
[Result "0-1"]
[WhiteElo "2497"]
[BlackElo "2505"]
[PlyCount "58"]
[EventDate "2017.07.07"]
[EventType "tourn"]
[EventRounds "9"]
[EventCountry "SWE"]
[EventCategory "10"]
[SourceTitle "CBM 179 Extra"]
[Source "ChessBase"]
[SourceDate "2017.08.23"]
[SourceVersion "1"]
[SourceVersionDate "2017.08.23"]
[SourceQuality "1"]
1. e4 e5 2. f4 exf4 3. Nf3 Nf6 4. Nc3 d5 5. exd5 Nxd5 6. Nxd5 Qxd5 7. d4 Be7 8.
c4 Qd6 9. Qd2 c5 10. b4 cxd4 11. c5 Qe6+ 12. Be2 Nc6 13. Rb1 O-O 14. Rb3 a5 15.
b5 a4 16. Ra3 Ne5 17. Qxd4 Nxf3+ 18. Rxf3 Re8 19. Rf2 f3 20. gxf3 Bf6 21. Qd2
Qc4 22. Ba3 Bh3 23. Kd1 Qh4 24. Bd3 Rad8 25. Re2 Rxe2 26. Qxe2 Bf5 27. Re1
Rxd3+ 28. Qxd3 Qxe1+ 29. Kxe1 Bxd3 0-1

[Event "SWE-ch"]
[Site "Stockholm"]
[Date "2017.07.09"]
[Round "3"]
[White "Berg, Emanuel"]
[Black "Sagit, Rauan"]
[Result "1-0"]
[WhiteElo "2557"]
[BlackElo "2406"]
[PlyCount "69"]
[EventDate "2017.07.07"]
[EventType "tourn"]
[EventRounds "9"]
[EventCountry "SWE"]
[EventCategory "10"]
[SourceTitle "CBM 179 Extra"]
[Source "ChessBase"]
[SourceDate "2017.08.23"]
[SourceVersion "1"]
[SourceVersionDate "2017.08.23"]
[SourceQuality "1"]
1. e4 c5 2. Nf3 d6 3. d4 cxd4 4. Nxd4 Nf6 5. Nc3 a6 6. Bg5 Nbd7 7. Bc4 Qc7 8.
Bb3 h6 9. Bh4 e6 10. Qe2 Nc5 11. O-O-O Be7 12. f4 O-O 13. e5 dxe5 14. fxe5 Nfe4
15. Nxe4 Bxh4 16. Nxc5 Qxc5 17. Qe4 Be7 18. h4 a5 19. c3 Ra6 20. Bc2 f5 21.
exf6 Bxf6 22. Rhe1 Rd8 23. Qh7+ Kf8 24. Rf1 Rd7 25. Bg6 Ke7 26. Qg8 Rxd4 27.
Rxd4 Bxd4 28. Qf8+ Kd7 29. Rf7+ Kc6 30. Qxc8+ Kd5 31. Qxb7+ Rc6 32. Rd7+ Ke5
33. Rxd4 Qxd4 34. Qxg7+ Kd5 35. Qxd4# 1-0

[Event "SWE-ch"]
[Site "Stockholm"]
[Date "2017.07.09"]
[Round "3"]
[White "Tikkanen, Hans"]
[Black "Jogstad, Martin"]
[Result "1-0"]
[WhiteElo "2503"]
[BlackElo "2291"]
[PlyCount "160"]
[EventDate "2017.07.07"]
[EventType "tourn"]
[EventRounds "9"]
[EventCountry "SWE"]
[EventCategory "10"]
[SourceTitle "CBM 179 Extra"]
[Source "ChessBase"]
[SourceDate "2017.08.23"]
[SourceVersion "1"]
[SourceVersionDate "2017.08.23"]
[SourceQuality "1"]
1. e4 c5 2. Nf3 e6 3. d4 cxd4 4. Nxd4 Nc6 5. Nb5 d6 6. c4 Nf6 7. N1c3 a6 8. Na3
Be7 9. Be2 O-O 10. Be3 b6 11. Rc1 Bb7 12. O-O Ne5 13. f3 Qc7 14. Qd2 Rac8 15.
Rfd1 Ned7 16. Nc2 Ne5 17. Na4 Bc6 18. Nc3 Bb7 19. Nd4 Qb8 20. b3 Rfd8 21. Qe1
d5 22. cxd5 exd5 23. Nxd5 Nxd5 24. exd5 Rxc1 25. Rxc1 Rxd5 26. f4 Ng6 27. Nc6
Bxc6 28. Rxc6 Qe8 29. Rc2 Bc5 30. Bxc5 bxc5 31. Qf2 a5 32. Bf3 Rd4 33. Rxc5 a4
34. g3 Qd8 35. Rc4 Rxc4 36. bxc4 Qa5 37. Qc2 h5 38. c5 h4 39. Kf2 Nf8 40. Bg4
a3 41. c6 Qb6+ 42. Kf3 Qb2 43. Bf5 Ne6 44. Qxb2 axb2 45. Ke3 Kf8 46. Kd2 Ke7
47. Kc3 Kd6 48. Kxb2 Nd4 49. Bg4 hxg3 50. hxg3 Kxc6 51. Kc3 Kc5 52. Kd3 Nb5 53.
Bd1 Nd6 54. Bb3 f5 55. Ke3 Ne4 56. g4 Nd6 57. g5 Nb5 58. Be6 Nd4 59. Bf7 Nc2+
60. Kd2 Nb4 61. Kc3 Nc6 62. a4 Nd8 63. Bc4 Nc6 64. Bb5 Nd4 65. Kd3 Ne6 66. Ke3
Nc7 67. Bd7 Nd5+ 68. Kf3 Nb6 69. Be8 Nc4 70. Bf7 Nd6 71. Be6 Kb4 72. Bd7 Nc4
73. Bb5 Nb6 74. Ke3 Nd5+ 75. Kd4 Nxf4 76. Ke5 Nh3 77. Kxf5 Kc5 78. Kg6 Kd6 79.
Bf1 Nf4+ 80. Kxg7 Kd5 1-0

[Event "SWE-ch"]
[Site "Stockholm"]
[Date "2017.07.09"]
[Round "3"]
[White "Westerberg, Jonathan"]
[Black "Hillarp Persson, Tiger"]
[Result "0-1"]
[WhiteElo "2469"]
[BlackElo "2509"]
[PlyCount "81"]
[EventDate "2017.07.07"]
[EventType "tourn"]
[EventRounds "9"]
[EventCountry "SWE"]
[EventCategory "10"]
[SourceTitle "CBM 179 Extra"]
[Source "ChessBase"]
[SourceDate "2017.08.23"]
[SourceVersion "1"]
[SourceVersionDate "2017.08.23"]
[SourceQuality "1"]
1. e4 c5 2. Nf3 d6 3. d4 cxd4 4. Nxd4 Nf6 5. f3 Nc6 6. c4 Qb6 7. Nc2 e6 8. Nc3
Be7 9. Bd3 O-O 10. Be3 Qc7 11. O-O Ne5 12. Nb5 Qb8 13. Be2 a6 14. Nc3 Qc7 15.
Na4 Ned7 16. Rc1 b6 17. Qd2 Re8 18. Rfd1 Bb7 19. Bf1 Rac8 20. Nd4 Qb8 21. b4
Bf8 22. Nc3 h5 23. a3 Ba8 24. Nb3 Ne5 25. Na4 b5 26. cxb5 Rxc1 27. Rxc1 axb5
28. Nb6 d5 29. Bxb5 Rd8 30. exd5 Bxd5 31. Qc3 Bxf3 32. gxf3 Nxf3+ 33. Kg2 Qxh2+
34. Kxf3 e5 35. Bf2 Ng4 36. Qc2 e4+ 37. Kxe4 Qg2+ 38. Kf4 Bd6+ 39. Kf5 Qf3+ 40.
Kg5 Be7+ 41. Kxh5 0-1

[Event "SWE-ch"]
[Site "Stockholm"]
[Date "2017.07.08"]
[Round "2"]
[White "Sagit, Rauan"]
[Black "Westerberg, Jonathan"]
[Result "1/2-1/2"]
[WhiteElo "2406"]
[BlackElo "2469"]
[PlyCount "137"]
[EventDate "2017.07.07"]
[EventType "tourn"]
[EventRounds "9"]
[EventCountry "SWE"]
[EventCategory "10"]
[SourceTitle "CBM 179 Extra"]
[Source "ChessBase"]
[SourceDate "2017.08.23"]
[SourceVersion "1"]
[SourceVersionDate "2017.08.23"]
[SourceQuality "1"]
1. Nf3 d5 2. g3 Nf6 3. Bg2 e6 4. O-O Be7 5. d3 O-O 6. Nbd2 c5 7. e4 Nc6 8. e5
Nd7 9. Re1 b5 10. Nf1 a5 11. h4 b4 12. Bf4 a4 13. a3 bxa3 14. bxa3 Rb8 15. h5
Ba6 16. N1h2 Nd4 17. Nxd4 cxd4 18. Qg4 Kh8 19. h6 g6 20. Nf3 Bc5 21. Bg5 Qb6
22. Ra2 Kg8 23. Rea1 Rfc8 24. Bd2 Rc6 25. Bb4 Rbc8 26. Rb1 Qc7 27. Bxc5 Rxc5
28. Nxd4 Nxe5 29. Qh4 Nd7 30. Qe7 Qd8 31. Qd6 Nb8 32. Qe5 Qf8 33. Qe3 Qd6 34.
Rab2 Nd7 35. Bh3 Re8 36. Rb4 Rc3 37. Nf5 Qc5 38. Qxc5 Nxc5 39. Nd6 Rf8 40. d4
Nd7 41. Rxa4 Rc6 42. Nb7 Rb8 43. Rab4 Ra8 44. Nc5 Nxc5 45. Rb8+ Rc8 46. Rxa8
Rxa8 47. dxc5 Kf8 48. f4 Ke7 49. Kf2 Bc8 50. Bf1 Rxa3 51. Rb8 Kd8 52. Bd3 Kc7
53. Rb4 Ra1 54. g4 f6 55. g5 fxg5 56. fxg5 e5 57. Bxg6 hxg6 58. Rh4 Bf5 59. h7
Ra8 60. h8=Q Rxh8 61. Rxh8 Kc6 62. c3 Kxc5 63. Re8 Kd6 64. Ke3 Bb1 65. Rf8 Kc5
66. Rc8+ Kd6 67. Rb8 Bf5 68. Re8 Bb1 69. Rb8 1/2-1/2

[Event "SWE-ch"]
[Site "Stockholm"]
[Date "2017.07.08"]
[Round "2"]
[White "Smith, Axel"]
[Black "Berg, Emanuel"]
[Result "1-0"]
[WhiteElo "2505"]
[BlackElo "2557"]
[PlyCount "77"]
[EventDate "2017.07.07"]
[EventType "tourn"]
[EventRounds "9"]
[EventCountry "SWE"]
[EventCategory "10"]
[SourceTitle "CBM 179 Extra"]
[Source "ChessBase"]
[SourceDate "2017.08.23"]
[SourceVersion "1"]
[SourceVersionDate "2017.08.23"]
[SourceQuality "1"]
1. d4 e6 2. c4 b6 3. e4 Bb7 4. Bd3 Bb4+ 5. Kf1 Bf8 6. Nc3 g6 7. Nf3 Bg7 8. Be3
d6 9. Qd2 Nd7 10. Re1 h6 11. d5 e5 12. g4 h5 13. g5 Ne7 14. b4 O-O 15. Kg2 c6
16. a3 a6 17. Rb1 Bc8 18. Be2 c5 19. h3 Re8 20. Rb3 Nf8 21. bxc5 bxc5 22. Na4
Nd7 23. Rhb1 Qc7 24. Qe1 Ra7 25. Bd2 Rb7 26. Ba5 Qb8 27. Rxb7 Bxb7 28. Rb2 Qa7
29. Nb6 Nf8 30. Qb1 Nc8 31. Bd1 Re7 32. Ba4 f6 33. gxf6 Bxf6 34. Nd7 Ba8 35.
Nxf6+ Kf7 36. Ne8 Rxe8 37. Bxe8+ Kxe8 38. Rb8 Kd7 39. Qb3 1-0

[Event "SWE-ch"]
[Site "Stockholm"]
[Date "2017.07.08"]
[Round "2"]
[White "Hillarp Persson, Tiger"]
[Black "Grandelius, Nils"]
[Result "1/2-1/2"]
[WhiteElo "2509"]
[BlackElo "2642"]
[PlyCount "86"]
[EventDate "2017.07.07"]
[EventType "tourn"]
[EventRounds "9"]
[EventCountry "SWE"]
[EventCategory "10"]
[SourceTitle "CBM 179 Extra"]
[Source "ChessBase"]
[SourceDate "2017.08.23"]
[SourceVersion "1"]
[SourceVersionDate "2017.08.23"]
[SourceQuality "1"]
1. c4 c6 2. d4 d5 3. Nf3 Nf6 4. Nc3 dxc4 5. a4 e6 6. e3 c5 7. Bxc4 cxd4 8. exd4
Nc6 9. O-O Be7 10. Qe2 O-O 11. Rd1 Nb4 12. Bg5 h6 13. Bxf6 Bxf6 14. Ne4 b6 15.
Ne5 Bh4 16. Ra3 Bb7 17. Rh3 Nd5 18. g3 Bg5 19. Rh5 g6 20. h4 Bf6 21. Bxd5 Bxd5
22. Nxf6+ Qxf6 23. Rxh6 Kg7 24. Qe3 Qf5 25. Qg5 Rac8 26. g4 Qxg5 27. hxg5 Rfd8
28. Kh2 Rh8 29. Kg3 Rc7 30. Rxh8 Kxh8 31. a5 b5 32. f3 Kg7 33. Kf4 b4 34. Nd3
Rc4 35. Ke3 b3 36. Rc1 Ra4 37. Rc7 Rxa5 38. Ne5 Ra2 39. Rxf7+ Kg8 40. Rc7 Rxb2
41. Rc8+ Kg7 42. Rc7+ Kg8 43. Rc8+ Kg7 1/2-1/2

[Event "SWE-ch"]
[Site "Stockholm"]
[Date "2017.07.08"]
[Round "2"]
[White "Blomqvist, Erik"]
[Black "Tikkanen, Hans"]
[Result "1/2-1/2"]
[WhiteElo "2552"]
[BlackElo "2503"]
[PlyCount "80"]
[EventDate "2017.07.07"]
[EventType "tourn"]
[EventRounds "9"]
[EventCountry "SWE"]
[EventCategory "10"]
[SourceTitle "CBM 179 Extra"]
[Source "ChessBase"]
[SourceDate "2017.08.23"]
[SourceVersion "1"]
[SourceVersionDate "2017.08.23"]
[SourceQuality "1"]
1. e4 c6 2. c4 d5 3. cxd5 cxd5 4. exd5 Nf6 5. Nc3 Nxd5 6. Nf3 e6 7. d4 Nc6 8.
Bd3 g6 9. Bg5 Qa5 10. O-O Bg7 11. Bb5 Nxc3 12. Bxc6+ bxc6 13. bxc3 c5 14. Ne5
Bb7 15. Qb3 Ba6 16. Rfe1 O-O 17. Bf4 Rab8 18. Qd1 Rbc8 19. Qf3 cxd4 20. cxd4
Rc2 21. a3 Qc3 22. Qxc3 Rxc3 23. Rec1 Rfc8 24. Rxc3 Rxc3 25. Rb1 Bf8 26. a4 f6
27. Nd7 Be7 28. h4 Bc8 29. Nc5 Bxc5 30. dxc5 Rxc5 31. Rc1 Rxc1+ 32. Bxc1 e5 33.
f3 Kf7 34. Kf2 Ke6 35. Be3 a6 36. a5 h5 37. g3 Kf5 38. f4 exf4 39. Bxf4 Be6 40.
Bc7 g5 1/2-1/2

[Event "SWE-ch"]
[Site "Stockholm"]
[Date "2017.07.08"]
[Round "2"]
[White "Jogstad, Martin"]
[Black "Hector, Jonny"]
[Result "1/2-1/2"]
[WhiteElo "2291"]
[BlackElo "2497"]
[PlyCount "87"]
[EventDate "2017.07.07"]
[EventType "tourn"]
[EventRounds "9"]
[EventCountry "SWE"]
[EventCategory "10"]
[SourceTitle "CBM 179 Extra"]
[Source "ChessBase"]
[SourceDate "2017.08.23"]
[SourceVersion "1"]
[SourceVersionDate "2017.08.23"]
[SourceQuality "1"]
1. d4 d5 2. c4 c6 3. Nf3 Nf6 4. Nc3 dxc4 5. a4 Bf5 6. Ne5 Nbd7 7. Nxc4 Qc7 8.
g3 e5 9. dxe5 Nxe5 10. Bf4 Rd8 11. Qc1 Bd6 12. Nxd6+ Qxd6 13. Bg2 O-O 14. O-O
a5 15. Nd1 Qe7 16. Qc3 Ng6 17. Bg5 Qe5 18. Qxe5 Nxe5 19. Ne3 Be6 20. f4 Nc4 21.
f5 Nxe3 22. Bxe3 Bd5 23. Bb6 Bxg2 24. Bxd8 Bxf1 25. Bxf6 Bxe2 26. Bc3 Bg4 27.
f6 gxf6 28. Bxa5 Be6 29. Bc3 f5 30. a5 Ra8 31. Rd1 h5 32. Kf2 Kh7 33. Ke3 Kg6
34. Kf4 f6 35. Rd6 Kf7 36. Ke3 Rc8 37. Kd4 c5+ 38. Ke3 Re8 39. Kf4 Kg6 40. Rb6
Re7 41. Rd6 Kf7 42. Rb6 Kg6 43. Rd6 Kf7 44. Rb6 1/2-1/2